[Event "Online Olym Div3 B"]
[Site "Chess.com INT"]
[Date "2020.08.09"]
[Round "9.2"]
[White "Dahampriya, HKT Dewnethmie"]
[Black "Francis, Onkemetse"]
[Result "0-1"]
[WhiteElo "1868"]
[BlackElo "1781"]
[PlyCount "62"]
[EventDate "2020.08.07"]
[EventType "team-tourn (rapid)"]
[EventRounds "9"]
[EventCountry "USA"]
[SourceTitle "CBM 198"]
[Source "ChessBase"]
[SourceDate "2020.10.31"]
[SourceVersion "1"]
[SourceVersionDate "2020.10.31"]
[SourceQuality "1"]
[WhiteTeam "Sri Lanka"]
[BlackTeam "Botswana"]
[WhiteTeamCountry "SRI"]
[BlackTeamCountry "BOT"]

1. e4 d5 2. exd5 Qxd5 3. Nc3 Qd8 4. d4 Nf6 5. Nf3 Bf5 6. Bc4 e6 7. a3 Be7 8. h3 h6 9. 0-0 0-0 10. Re1 Nbd7 11. Qe2 Nb6 12. Bb3 c6 13. Nd1 Re8 14. c3 Qc7 15. Ne5 Nbd5 16. c4 Nb6 17. Bf4 Qd8 18. Qe3 Rc8 19. Nc3 Nbd7 20. d5 cxd5 21. cxd5 Bc5 22. Qd2 exd5 23. Nxd5 Nxe5 24. Bxe5 Ne4 25. Qf4 Bxf2+ 26. Kh1 Qg5 27. Rf1 Ng3+ 28. Kh2 Nxf1+ 29. Rxf1 Qxf4+ 30. Bxf4 Bd4 31. Bd6 Be6 0-1

[Event "Online Olym Div3 B"]
[Site "Chess.com INT"]
[Date "2020.08.09"]
[Round "8.3"]
[White "Jorge, Rita Maria Osorio"]
[Black "Dahampriya, HKT Dewnethmie"]
[Result "0-1"]
[WhiteElo "1983"]
[BlackElo "1868"]
[PlyCount "74"]
[EventDate "2020.08.07"]
[EventType "team-tourn (rapid)"]
[EventRounds "9"]
[EventCountry "USA"]
[SourceTitle "CBM 198"]
[Source "ChessBase"]
[SourceDate "2020.10.31"]
[SourceVersion "1"]
[SourceVersionDate "2020.10.31"]
[SourceQuality "1"]
[WhiteTeam "Portugal"]
[BlackTeam "Sri Lanka"]
[WhiteTeamCountry "POR"]
[BlackTeamCountry "SRI"]

1. e4 c5 2. Nf3 d6 3. Bb5+ Bd7 4. Bxd7+ Qxd7 5. 0-0 Nf6 6. Re1 Nc6 7. c3 e6 8. d4 cxd4 9. cxd4 d5 10. e5 Ne4 11. Nbd2 Nxd2 12. Bxd2 Be7 13. Rc1 0-0 14. h3 Rfc8 15. Rc3 Bd8 16. Rd3 Ne7 17. Nh2 a5 18. Qg4 Nf5 19. Nf1 Qb5 20. Rb3 Qa4 21. Ng3 Nxg3 22. Rxg3 g6 23. a3 Qc2 24. Bc3 b5 25. Re2 Qd1+ 26. Kh2 Be7 27. h4 b4 28. axb4 axb4 29. Be1 Bxh4 30. Qxh4 Qxe2 31. Rh3 h5 32. Bxb4 Qe4 33. Qg5 Qf5 34. Qh6 Ra7 35. Bd2 f6 36. Rf3 Qg4 37. Rxf6 Qh4+ 0-1

[Event "SRI-chB (Women)"]
[Site "Maharaga"]
[Date "2020.03.06"]
[Round "1.1"]
[White "Dahampriya, HKT Dewnethmie"]
[Black "Karthikeyan, Kiruththikah"]
[Result "0-1"]
[WhiteElo "1868"]
[BlackElo "1258"]
[PlyCount "104"]
[EventDate "2020.03.06"]
[EventType "swiss"]
[EventRounds "11"]
[EventCountry "SRI"]
[SourceTitle "CBM 195 Extra"]
[Source "ChessBase"]
[SourceDate "2020.05.31"]
[SourceVersion "1"]
[SourceVersionDate "2020.05.31"]
[SourceQuality "1"]

1. e4 d5 2. exd5 Qxd5 3. Nc3 Qd6 4. d4 c6 5. Nf3 Nf6 6. h3 h6 7. Be3 Bf5 8. Bd3 Bh7 9. 0-0 e6 10. Qd2 Bxd3 11. Qxd3 Be7 12. Ne2 0-0 13. c4 Qd8 14. Rfd1 Bd6 15. c5 Bc7 16. b4 Nd5 17. Bd2 Qf6 18. b5 Rd8 19. bxc6 Nxc6 20. Qb5 Rab8 21. Qc4 Rd7 22. Rab1 Qe7 23. Nc3 Qf6 24. Nb5 Kf8 25. Nxc7 Rxc7 26. Be3 Kg8 27. Nd2 Qg6 28. Rdc1 Rd7 29. Nf3 Qf6 30. Rd1 Rc7 31. a3 Kf8 32. Qc2 Kg8 33. Qd2 Kh8 34. Rb2 Kg8 35. Rdb1 Re7 36. Qd1 Nc3 37. Qd2 Nxb1 38. Rxb1 Rd7 39. Bf4 Nxd4 40. Qe3 Nxf3+ 41. Qxf3 Rbd8 42. Kh2 Rd3 43. Be3 Qxf3 44. gxf3 R8d7 45. a4 g5 46. Kg3 f5 47. Bc1 Rd1 48. f4 R7d3+ 49. Kg2 gxf4 50. Ra1 f3+ 51. Kg3 Rg1+ 52. Kf4 Rdd1 0-1

[Event "World ol U16"]
[Site "Corum"]
[Date "2019.11.03"]
[Round "6.21"]
[White "Dahampriya, HKT Dewnethmie"]
[Black "Pirmetova, Dariga"]
[Result "0-1"]
[WhiteElo "1629"]
[BlackElo "1379"]
[PlyCount "74"]
[EventDate "2019.10.29"]
[EventType "team-swiss"]
[EventRounds "9"]
[EventCountry "TUR"]
[SourceTitle "CBM 192 Extra"]
[Source "Chessbase"]
[SourceDate "2019.11.06"]
[SourceVersion "1"]
[SourceVersionDate "2019.11.06"]
[SourceQuality "1"]
[WhiteTeam "Sri Lanka"]
[BlackTeam "Kazakhstan Karaganda"]
[WhiteTeamCountry "SRI"]
[BlackTeamCountry "KAZ"]

1. e4 Nf6 2. e5 Nd5 3. d4 d6 4. Nf3 g6 5. c4 Nb6 6. Nc3 Bg7 7. exd6 cxd6 8. Be2 Bg4 9. Be3 Nc6 10. b3 0-0 11. Rc1 d5 12. c5 Nc8 13. h3 Bxf3 14. Bxf3 e6 15. Ne2 N8e7 16. Qd2 e5 17. dxe5 Nxe5 18. Nd4 Nxf3+ 19. Nxf3 Nf5 20. 0-0 Nxe3 21. Qxe3 d4 22. Qe4 Qd7 23. Rfd1 Rad8 24. Rd3 Rfe8 25. Qf4 Qd5 26. Qd2 Re7 27. b4 Red7 28. a3 a6 29. Qc2 Rc7 30. Rcd1 Qe4 31. Qc4 Rcd7 32. Kf1 h5 33. R1d2 Re8 34. Qc2 Red8 35. Qb3 Re8 36. Qa4 Red8 37. Re2 Qxd3 0-1

[Event "World ol U16"]
[Site "Corum"]
[Date "2019.10.30"]
[Round "2.17"]
[White "Dahampriya, HKT Dewnethmie"]
[Black "Srdanovic, Jovana"]
[Result "0-1"]
[WhiteElo "1629"]
[BlackElo "2100"]
[PlyCount "98"]
[EventDate "2019.10.29"]
[EventType "team-swiss"]
[EventRounds "9"]
[EventCountry "TUR"]
[SourceTitle "CBM 192 Extra"]
[Source "Chessbase"]
[SourceDate "2019.11.06"]
[SourceVersion "1"]
[SourceVersionDate "2019.11.06"]
[SourceQuality "1"]
[WhiteTeam "Sri Lanka"]
[BlackTeam "Serbia"]
[WhiteTeamCountry "SRI"]
[BlackTeamCountry "SRB"]

1. e4 c5 2. Nf3 e6 3. d4 cxd4 4. Nxd4 Nc6 5. c4 Nf6 6. Nc3 Bb4 7. Nxc6 bxc6 8. Bd3 e5 9. 0-0 Bc5 10. Qe2 d6 11. Be3 Nd7 12. Na4 Bd4 13. Rad1 0-0 14. Bc2 c5 15. f4 Rb8 16. b3 Qe7 17. Rde1 Bb7 18. Kh1 Bc6 19. Bxd4 cxd4 20. Nb2 a5 21. Qd2 Nc5 22. f5 Nd7 23. Rf3 Qf6 24. a3 h6 25. b4 axb4 26. axb4 Ra8 27. b5 Bb7 28. Na4 Rfc8 29. Qb4 Rc7 30. Bd3 Qd8 31. Rff1 Rcc8 32. Ra1 Nf6 33. Rfe1 Ng4 34. Kg1 Qh4 35. h3 Nf2 36. Qb1 Nxd3 37. Qxd3 Rxa4 38. Rxa4 Qxe1+ 39. Kh2 Qxe4 40. Qd2 Qxf5 41. Kg1 Qe4 42. b6 Qc6 43. Rb4 Ra8 44. Qb2 d3 45. Kh2 d5 46. cxd5 Qxd5 47. Rb5 Qd6 48. Qd2 e4+ 49. g3 e3 0-1

[Event "World ol U16"]
[Site "Corum"]
[Date "2019.10.29"]
[Round "1.16"]
[White "Zhang, Xiao"]
[Black "Dahampriya, HKT Dewnethmie"]
[Result "1-0"]
[WhiteElo "2053"]
[BlackElo "1629"]
[PlyCount "67"]
[EventDate "2019.10.29"]
[EventType "team-swiss"]
[EventRounds "9"]
[EventCountry "TUR"]
[SourceTitle "CBM 192 Extra"]
[Source "Chessbase"]
[SourceDate "2019.11.06"]
[SourceVersion "1"]
[SourceVersionDate "2019.11.06"]
[SourceQuality "1"]
[WhiteTeam "China"]
[BlackTeam "Sri Lanka"]
[WhiteTeamCountry "CHN"]
[BlackTeamCountry "SRI"]

1. d4 Nf6 2. c4 g6 3. Nc3 d6 4. e4 Bg7 5. Be2 0-0 6. Bg5 Nfd7 7. Qd2 f6 8. Bh6 e5 9. d5 a5 10. h4 Na6 11. g4 Qe7 12. 0-0-0 Ndc5 13. Kb1 Rd8 14. Nh3 c6 15. Bxg7 Kxg7 16. f4 Nc7 17. h5 cxd5 18. exd5 Bd7 19. fxe5 fxe5 20. Ng5 h6 21. Nge4 Nxe4 22. Nxe4 g5 23. c5 Ne8 24. Qd3 Kg8 25. Rhf1 dxc5 26. d6 Qg7 27. Qb3+ Kh8 28. Rf7 a4 29. Qf3 Bxg4 30. Qf2 Be6 31. Rxg7 Nxg7 32. Qf6 Kg8 33. Qxh6 Bf5 34. Bc4+ 1-0

[Event "Wch U20 Girls 37th"]
[Site "New Delhi"]
[Date "2019.10.23"]
[Round "9"]
[White "Dahampriya, HKT Dewnethmie"]
[Black "Noshin, Anjum"]
[Result "1-0"]
[WhiteElo "1629"]
[BlackElo "1793"]
[PlyCount "123"]
[EventDate "2019.10.15"]
[EventType "swiss"]
[EventRounds "11"]
[EventCountry "IND"]
[SourceTitle "CBM 192 Extra"]
[Source "Chessbase"]
[SourceDate "2019.11.06"]
[SourceVersion "1"]
[SourceVersionDate "2019.11.06"]
[SourceQuality "1"]

1. e4 e5 2. Nf3 Nc6 3. Bb5 a6 4. Ba4 Nf6 5. 0-0 b5 6. Bb3 Bc5 7. c3 d6 8. d4 Bb6 9. h3 0-0 10. Bc2 h6 11. Be3 exd4 12. cxd4 Nb4 13. Bb3 d5 14. e5 Ne4 15. a3 Nc6 16. Nc3 Ne7 17. Nd2 Nxc3 18. bxc3 f5 19. f4 Be6 20. Qf3 Qe8 21. Kh2 Qg6 22. Rg1 h5 23. Bd1 Bf7 24. Qf2 Rae8 25. Nf3 Qh6 26. Rh1 Nc6 27. Ng5 Rd8 28. g4 hxg4 29. Kg1 g3 30. Qxg3 Rfe8 31. Kf2 Kf8 32. Bc2 Ne7 33. Rag1 Bg8 34. h4 Rd7 35. h5 Rc8 36. Qh3 Bh7 37. Nxh7+ Qxh7 38. h6 g6 39. Qh4 Ng8 40. Qg5 Kf7 41. Bxf5 gxf5 42. Qg7+ Qxg7 43. Rxg7+ Ke6 44. h7 Rxg7 45. h8Q Rg6 46. Rg1 Rxg1 47. Kxg1 Ne7 48. Qf6+ Kd7 49. Bf2 Rg8+ 50. Kh2 Rg6 51. Qf7 Rh6+ 52. Kg2 Ba5 53. Be1 Rg6+ 54. Kh3 Rh6+ 55. Bh4 Rxh4+ 56. Kxh4 Bxc3 57. Qf6 a5 58. Qa6 c6 59. Qa7+ Ke6 60. Qc5 Bd2 61. Qd6+ Kf7 62. Kg5 1-0

[Event "Wch U20 Girls 37th"]
[Site "New Delhi"]
[Date "2019.10.19"]
[Round "6"]
[White "Dahampriya, HKT Dewnethmie"]
[Black "Ananya, Suresh"]
[Result "0-1"]
[WhiteElo "1629"]
[BlackElo "1896"]
[PlyCount "62"]
[EventDate "2019.10.15"]
[EventType "swiss"]
[EventRounds "11"]
[EventCountry "IND"]
[SourceTitle "CBM 192 Extra"]
[Source "Chessbase"]
[SourceDate "2019.11.06"]
[SourceVersion "1"]
[SourceVersionDate "2019.11.06"]
[SourceQuality "1"]

1. e4 c5 2. Nf3 Nc6 3. Bb5 g6 4. 0-0 Bg7 5. Bxc6 bxc6 6. d3 e5 7. c4 Ne7 8. Nc3 0-0 9. Nd2 f5 10. f4 d5 11. exd5 cxd5 12. fxe5 Bxe5 13. Ne2 dxc4 14. dxc4 Rb8 15. Qc2 Nc6 16. Nf3 Bf6 17. a3 g5 18. Rb1 f4 19. Kh1 Ne7 20. Rd1 Qe8 21. Qd2 Bf5 22. Ra1 Qh5 23. Nc3 Bg4 24. Qf2 Nf5 25. Ne4 Nd4 26. Nxf6+ Rxf6 27. Rf1 Bxf3 28. gxf3 Re8 29. Qg1 Re2 30. Rf2 Nxf3 31. Qg2 Re1+ 0-1

[Event "Wch U20 Girls 37th"]
[Site "New Delhi"]
[Date "2019.10.17"]
[Round "3"]
[White "Bauyrzhan, Arnash"]
[Black "Dahampriya, HKT Dewnethmie"]
[Result "1-0"]
[WhiteElo "2075"]
[BlackElo "1629"]
[PlyCount "87"]
[EventDate "2019.10.15"]
[EventType "swiss"]
[EventRounds "11"]
[EventCountry "IND"]
[SourceTitle "CBM 192 Extra"]
[Source "Chessbase"]
[SourceDate "2019.11.06"]
[SourceVersion "1"]
[SourceVersionDate "2019.11.06"]
[SourceQuality "1"]

1. e4 c5 2. Nf3 d6 3. Bb5+ Nd7 4. d4 cxd4 5. Qxd4 a6 6. Bxd7+ Bxd7 7. 0-0 e6 8. Bg5 f6 9. Bd2 Ne7 10. Qxd6 Rc8 11. Nc3 Nd5 12. Qg3 Nb6 13. Rad1 Nc4 14. Bc1 Qb6 15. e5 f5 16. b3 Na5 17. Rd3 Nc6 18. Na4 Qa5 19. Rfd1 Nb8 20. Bd2 Qc7 21. Rc3 Qd8 22. Bg5 Qa5 23. Rxc8+ Bxc8 24. Rd8+ Qxd8 25. Bxd8 Kxd8 26. Ng5 Kc7 27. Qe3 Nc6 28. Nb6 h6 29. Nf7 Rg8 30. Nxc8 Kxc8 31. Qb6 Kb8 32. Nd8 Nxd8 33. Qxd8+ Ka7 34. c4 g5 35. c5 Rh8 36. b4 Bg7 37. Qc7 Bxe5 38. Qxe5 Rd8 39. g3 Rd2 40. Qxe6 f4 41. gxf4 gxf4 42. Kg2 h5 43. Qf7 h4 44. c6 1-0

[Event "Wch U16 Girls"]
[Site "Mumbai"]
[Date "2019.10.09"]
[Round "8"]
[White "Dahampriya, HKT Dewnethmie"]
[Black "Bulatova, Kamaliya"]
[Result "0-1"]
[WhiteElo "1629"]
[BlackElo "2181"]
[PlyCount "50"]
[EventDate "2019.10.02"]
[EventType "swiss"]
[EventRounds "11"]
[EventCountry "IND"]
[SourceTitle "EXT 2020"]
[Source "ChessBase"]
[SourceDate "2019.10.17"]
[SourceVersion "1"]
[SourceVersionDate "2019.10.17"]
[SourceQuality "1"]

1. e4 c5 2. Nf3 d6 3. d4 cxd4 4. Nxd4 Nf6 5. Nc3 a6 6. Bg5 Nbd7 7. Bc4 Qb6 8. a3 Qc5 9. Bxf6 Nxf6 10. Be2 g6 11. Nb3 Qc7 12. Bd3 Bg7 13. f3 Be6 14. Nd4 Bc4 15. Nce2 Nd7 16. f4 e5 17. fxe5 Nxe5 18. Rc1 Bh6 19. Ra1 Qb6 20. Rb1 0-0 21. h3 Rae8 22. b4 d5 23. Bxc4 Nxc4 24. exd5 Bd2+ 25. Kf2 Be3+ 0-1

[Event "Western Asia-ch U16 Girls"]
[Site "Delhi"]
[Date "2019.09.07"]
[Round "3"]
[White "Dahampriya, HKT Dewnethmie"]
[Black "Dhumal, Greeshma Anand"]
[Result "0-1"]
[WhiteElo "1651"]
[BlackElo "2042"]
[PlyCount "112"]
[EventDate "2019.09.06"]
[EventType "swiss"]
[EventRounds "9"]
[EventCountry "IND"]
[SourceTitle "CBM 192 Extra"]
[Source "Chessbase"]
[SourceDate "2019.11.06"]
[SourceVersion "1"]
[SourceVersionDate "2019.11.06"]
[SourceQuality "1"]

1. e4 e5 2. Nf3 Nc6 3. Bb5 a6 4. Ba4 Nf6 5. 0-0 b5 6. Bb3 Bc5 7. c3 d6 8. d3 h6 9. h3 0-0 10. Re1 Re8 11. Bc2 Bb6 12. d4 exd4 13. cxd4 Bb7 14. a3 Qd7 15. b3 Rad8 16. Bb2 Nh7 17. Nbd2 Nf8 18. Nf1 Ne7 19. Ng3 c5 20. d5 Neg6 21. Nh5 Ne5 22. Nxe5 dxe5 23. Kh1 Ng6 24. Ng3 c4 25. Rf1 cxb3 26. Bxb3 Nf4 27. Nf5 Kh7 28. Qg4 f6 29. Rad1 h5 30. Qf3 g6 31. Ne3 Bc8 32. Bc1 Qg7 33. Nc2 Qh6 34. g3 Bg4 35. Qc3 Bxd1 36. Rxd1 Ne2 37. Qd2 Nxc1 38. Qxc1 Qxc1 39. Rxc1 Bxf2 40. Kg2 Bc5 41. Nb4 Bxb4 42. axb4 Rc8 43. Rc6 Rxc6 44. dxc6 Rc8 45. Bd5 Kg7 46. Kf3 Kf8 47. g4 hxg4+ 48. hxg4 g5 49. Ke3 Ke7 50. Kf3 Kd6 51. Kf2 Rxc6 52. Bxc6 Kxc6 53. Ke3 Kb6 54. Kd3 a5 55. Kc3 axb4+ 56. Kxb4 Kc6 0-1

[Event "Western Asia-ch U16 Girls"]
[Site "Delhi"]
[Date "2019.09.06"]
[Round "2"]
[White "Dahampriya, HKT Dewnethmie"]
[Black "Salonika, Saina"]
[Result "1/2-1/2"]
[WhiteElo "1651"]
[BlackElo "2100"]
[PlyCount "70"]
[EventDate "2019.09.06"]
[EventType "swiss"]
[EventRounds "9"]
[EventCountry "IND"]
[SourceTitle "CBM 192 Extra"]
[Source "Chessbase"]
[SourceDate "2019.11.06"]
[SourceVersion "1"]
[SourceVersionDate "2019.11.06"]
[SourceQuality "1"]

1. e4 c5 2. Nf3 d6 3. d4 cxd4 4. Nxd4 Nf6 5. Nc3 a6 6. Bg5 Nbd7 7. Qd2 h6 8. Be3 Ng4 9. 0-0-0 Nxe3 10. Qxe3 g6 11. Qg3 e5 12. Nb3 Nb6 13. f4 Qf6 14. fxe5 dxe5 15. Nd5 Nxd5 16. exd5 Bd6 17. Nd2 Bf5 18. Nc4 0-0 19. Bd3 Bxd3 20. Qxd3 b5 21. Nd2 Rad8 22. Kb1 Qh4 23. g3 Qd4 24. Qxd4 exd4 25. Nb3 Be5 26. Nxd4 Rxd5 27. Nc6 Rc5 28. Nxe5 Rxe5 29. Rd6 Rfe8 30. Kc1 R8e6 31. Rhd1 f5 32. Rxe6 Rxe6 33. Rd8+ Kf7 34. Kd2 Kf6 35. b3 Rc6 1/2-1/2

[Event "SRI-ch (Women)"]
[Site "Nugegoda"]
[Date "2019.07.08"]
[Round "13"]
[White "Dahampriya, HKT Dewnethmie"]
[Black "Mapa, MMWH"]
[Result "1/2-1/2"]
[WhiteElo "1433"]
[BlackElo "1412"]
[PlyCount "60"]
[EventDate "2019.06.29"]
[EventType "tourn"]
[EventRounds "13"]
[EventCountry "SRI"]
[SourceTitle "EXT 2020"]
[Source "ChessBase"]
[SourceDate "2019.10.17"]
[SourceVersion "1"]
[SourceVersionDate "2019.10.17"]
[SourceQuality "1"]

1. e4 e5 2. Nf3 Nc6 3. Bb5 a6 4. Ba4 Nf6 5. 0-0 Be7 6. Re1 b5 7. Bb3 d6 8. c3 Bg4 9. d3 0-0 10. Nbd2 d5 11. exd5 Nxd5 12. h3 Bh5 13. Nf1 Qd6 14. Ng3 Bg6 15. d4 exd4 16. Nxd4 Nxd4 17. Qxd4 Nf6 18. Qxd6 Bxd6 19. Nf1 c5 20. Ne3 c4 21. Bc2 Bxc2 22. Nxc2 Bc5 23. Be3 Bxe3 24. Rxe3 Rfe8 25. Rxe8+ Rxe8 26. Re1 Rxe1+ 27. Nxe1 Kf8 28. Kf1 Ke7 29. Ke2 Ke6 30. Nc2 Kd6 1/2-1/2

[Event "SRI-ch (Women)"]
[Site "Nugegoda"]
[Date "2019.07.08"]
[Round "12"]
[White "Jayaweera, Sayuni Gihansa"]
[Black "Dahampriya, HKT Dewnethmie"]
[Result "1/2-1/2"]
[WhiteElo "1719"]
[BlackElo "1433"]
[PlyCount "61"]
[EventDate "2019.06.29"]
[EventType "tourn"]
[EventRounds "13"]
[EventCountry "SRI"]
[SourceTitle "EXT 2020"]
[Source "ChessBase"]
[SourceDate "2019.10.17"]
[SourceVersion "1"]
[SourceVersionDate "2019.10.17"]
[SourceQuality "1"]

1. d4 Nf6 2. c4 g6 3. Nc3 Bg7 4. e4 d6 5. f3 0-0 6. Bg5 c5 7. d5 h6 8. Be3 e6 9. Qd2 exd5 10. cxd5 h5 11. Nge2 a6 12. a4 Re8 13. Nc1 Qa5 14. Ra3 Nbd7 15. Be2 Rb8 16. 0-0 Ne5 17. Qc2 Bd7 18. Nb3 Qc7 19. a5 Bc8 20. Nd2 b5 21. axb6 Rxb6 22. Rfa1 Qb8 23. b3 Qa7 24. Nb5 Qb8 25. Nc3 Qa7 26. Nb5 Qb8 27. Nc3 Qa7 28. Nb5 Qb8 29. Nc3 Qa7 30. Nb5 Qe7 31. Nc3 1/2-1/2

[Event "SRI-ch (Women)"]
[Site "Nugegoda"]
[Date "2019.07.06"]
[Round "9"]
[White "Dahampriya, HKT Dewnethmie"]
[Black "Jayatilaka, WMM Amodya"]
[Result "1-0"]
[WhiteElo "1433"]
[BlackElo "1388"]
[PlyCount "85"]
[EventDate "2019.06.29"]
[EventType "tourn"]
[EventRounds "13"]
[EventCountry "SRI"]
[SourceTitle "EXT 2020"]
[Source "ChessBase"]
[SourceDate "2019.10.17"]
[SourceVersion "1"]
[SourceVersionDate "2019.10.17"]
[SourceQuality "1"]

1. e4 c5 2. Nf3 g6 3. d4 cxd4 4. Nxd4 Bg7 5. Be3 Nc6 6. c4 Nf6 7. Nc3 0-0 8. Be2 d6 9. f3 Bd7 10. 0-0 Nxd4 11. Bxd4 a5 12. b3 Bc6 13. Qd2 Nd7 14. Bxg7 Kxg7 15. Qd4+ Kg8 16. Rad1 Qc7 17. Kh1 Nc5 18. f4 Rad8 19. f5 e5 20. Qe3 f6 21. Bg4 g5 22. Rf3 Qg7 23. Rh3 b6 24. Rb1 Qb7 25. Bf3 b5 26. cxb5 Bxb5 27. b4 Bd3 28. Rb2 axb4 29. Nd5 b3 30. axb3 Ra8 31. Kg1 Ra1+ 32. Kf2 Rf1+ 33. Kg3 Bb5 34. b4 Na4 35. Rc2 Bc6 36. Rxc6 Rf7 37. Rxd6 Kg7 38. Nxf6 h6 39. Nd5 Nb2 40. Rhxh6 Rxf3+ 41. gxf3 Kf8 42. Rd8+ Kg7 43. Qxg5# 1-0

[Event "SRI-ch (Women)"]
[Site "Nugegoda"]
[Date "2019.07.06"]
[Round "8"]
[White "Premanath, Prasansa"]
[Black "Dahampriya, HKT Dewnethmie"]
[Result "1/2-1/2"]
[WhiteElo "1347"]
[BlackElo "1433"]
[PlyCount "85"]
[EventDate "2019.06.29"]
[EventType "tourn"]
[EventRounds "13"]
[EventCountry "SRI"]
[SourceTitle "EXT 2020"]
[Source "ChessBase"]
[SourceDate "2019.10.17"]
[SourceVersion "1"]
[SourceVersionDate "2019.10.17"]
[SourceQuality "1"]

1. d4 Nf6 2. Bg5 g6 3. Bxf6 exf6 4. e3 Bg7 5. c4 0-0 6. Nc3 Re8 7. Nf3 f5 8. Be2 d6 9. 0-0 Nd7 10. Qc2 Nf6 11. Rfe1 c6 12. Rad1 Bd7 13. Bd3 Rc8 14. Qb1 Qb6 15. Rc1 Qd8 16. h3 Be6 17. Nd2 d5 18. cxd5 Nxd5 19. Nxd5 Bxd5 20. b3 Qg5 21. Bf1 Qh6 22. Nc4 Re6 23. Rcd1 Rce8 24. Nd2 Qg5 25. Qc1 f4 26. Nc4 fxe3 27. Nxe3 Bh6 28. Qd2 Qd8 29. Qc3 Bxe3 30. Rxe3 Rxe3 31. fxe3 Qg5 32. Re1 Qg3 33. Qd2 f5 34. Qf2 Qxf2+ 35. Kxf2 Kg7 36. Bd3 Kf6 37. Rd1 Re7 38. Bc4 Be4 39. Bd3 Bxd3 40. Rxd3 Rd7 41. Kf3 Rd5 42. Rd2 Ke6 43. Rc2 1/2-1/2

[Event "SRI-ch (Women)"]
[Site "Nugegoda"]
[Date "2019.06.29"]
[Round "1"]
[White "Fernando, GW Nethmi L"]
[Black "Dahampriya, HKT Dewnethmie"]
[Result "0-1"]
[WhiteElo "1689"]
[BlackElo "1433"]
[PlyCount "78"]
[EventDate "2019.06.29"]
[EventType "tourn"]
[EventRounds "13"]
[EventCountry "SRI"]
[SourceTitle "EXT 2020"]
[Source "ChessBase"]
[SourceDate "2019.10.17"]
[SourceVersion "1"]
[SourceVersionDate "2019.10.17"]
[SourceQuality "1"]

1. d4 Nf6 2. c4 g6 3. Nc3 Bg7 4. e4 d6 5. Be2 0-0 6. Be3 a5 7. g4 Nfd7 8. g5 e5 9. d5 Na6 10. h4 f6 11. gxf6 Qxf6 12. Qd2 h6 13. 0-0-0 Kh7 14. Nf3 Ndc5 15. Rdg1 Qe7 16. h5 g5 17. Bxg5 hxg5 18. h6 Bf6 19. Nxg5+ Kh8 20. Nf3 Bd7 21. Rg7 Rf7 22. Qe1 Rxg7 23. hxg7+ Kxg7 24. Qg1+ Kf8 25. Qg6 Qg7 26. Qh5 Ke7 27. Rg1 Qh8 28. Qg6 Be8 29. Qf5 Qh6+ 30. Kb1 Bd7 31. Qg6 Qxg6 32. Rxg6 Kf7 33. Rg1 Rg8 34. Rf1 Nb4 35. Ne1 Rh8 36. a3 Nba6 37. Nc2 Nb3 38. Ka2 Nd4 39. Nxd4 exd4 0-1

[Event "Negambo op 4th"]
[Site "Negambo"]
[Date "2018.08.17"]
[Round "4"]
[White "Dahampriya, HKT Dewnethmie"]
[Black "Amarasinghe, AACB"]
[Result "0-1"]
[WhiteElo "1392"]
[BlackElo "1912"]
[PlyCount "118"]
[EventDate "2018.08.16"]
[EventType "swiss"]
[EventRounds "10"]
[EventCountry "SRI"]
[SourceTitle "CBM 186 Extra"]
[Source "ChessBase"]
[SourceDate "2018.08.24"]
[SourceVersion "1"]
[SourceVersionDate "2018.08.24"]
[SourceQuality "1"]

1. e4 e5 2. Nf3 Nc6 3. Bb5 a6 4. Ba4 Nf6 5. 0-0 Be7 6. Re1 b5 7. Bb3 d6 8. h3 Na5 9. c3 Nxb3 10. Qxb3 0-0 11. d4 Bb7 12. d5 c6 13. c4 cxd5 14. cxd5 Nd7 15. Be3 Rc8 16. Nc3 Nc5 17. Bxc5 Rxc5 18. a4 Bc8 19. axb5 axb5 20. Na2 Qb6 21. Nb4 Bb7 22. Rec1 Rfc8 23. Rc3 Rxc3 24. bxc3 Qc5 25. Ra3 Bd8 26. Ne1 Bb6 27. Ned3 Qc4 28. Qxc4 Rxc4 29. Kf1 Rxe4 30. Nc6 Ra4 31. Rb3 Ra1+ 32. Ke2 Ra2+ 33. Kd1 Ba6 34. Nb8 h6 35. Nxa6 Rxa6 36. Rxb5 Ra1+ 37. Kc2 Ba7 38. Rb1 Rxb1 39. Kxb1 e4 40. Nc1 Bxf2 41. Kc2 f5 42. Kd2 Kf7 43. Ke2 Bb6 44. Nb3 Kf6 45. Nd2 Bc5 46. Nb3 Bg1 47. c4 Ke5 48. Kf1 Bb6 49. g3 g5 50. g4 f4 51. Ke1 e3 52. Nc1 Ke4 53. Ke2 f3+ 54. Ke1 Ba5+ 55. Kd1 Bd2 56. Nb3 Kd3 57. Nxd2 exd2 58. c5 f2 59. c6 f1R# 0-1

[Event "Negombo op 3rd"]
[Site "Negambo"]
[Date "2017.08.21"]
[Round "4"]
[White "Amarasinghe, AACB"]
[Black "Dahampriya, HKT Dewnethmie"]
[Result "1-0"]
[WhiteElo "1982"]
[BlackElo "1507"]
[PlyCount "105"]
[EventDate "2017.08.20"]
[EventType "swiss"]
[EventRounds "10"]
[EventCountry "SRI"]
[SourceTitle "CBM 180 Extra"]
[Source "ChessBase"]
[SourceDate "2017.10.06"]
[SourceVersion "1"]
[SourceVersionDate "2017.10.06"]
[SourceQuality "1"]

1. Nf3 c5 2. e4 d6 3. d3 Nc6 4. g3 g6 5. Bg2 Bg7 6. 0-0 e6 7. Nbd2 Nge7 8. Re1 0-0 9. Nf1 b6 10. h4 Bb7 11. c3 Re8 12. Bf4 d5 13. e5 d4 14. c4 Qd7 15. g4 f6 16. exf6 Bxf6 17. Ng5 Bxg5 18. Bxg5 Kg7 19. Qd2 Ng8 20. h5 e5 21. h6+ Kh8 22. Nh2 Rf8 23. Re2 Nf6 24. f3 a6 25. Rae1 Rae8 26. Bh4 Re7 27. Qg5 Ng8 28. Bg3 Qd6 29. Rxe5 Nxe5 30. Bxe5+ Rxe5 31. Rxe5 Rc8 32. Re2 Nf6 33. Qe5 Qxe5 34. Rxe5 Re8 35. Rxe8+ Nxe8 36. f4 Bxg2 37. Kxg2 Nd6 38. Kf3 Kg8 39. g5 Kf7 40. Ng4 Ne8 41. Ne5+ Ke6 42. Nxg6 Kf7 43. Ne5+ Ke6 44. Ng4 Kf5 45. Nf2 Nc7 46. Ne4 Ne8 47. Ng3+ Ke6 48. Kg4 Nd6 49. f5+ Kf7 50. Kf4 Ke7 51. Ne4 Ne8 52. Ke5 Kf8 53. Nf6 1-0

[Event "SRI-chB (Women)"]
[Site "Narahenpita"]
[Date "2017.05.20"]
[Round "8"]
[White "Dahampriya, HKT Dewnethmie"]
[Black "De Silva, Chamindra"]
[Result "1/2-1/2"]
[WhiteElo "1618"]
[BlackElo "1524"]
[PlyCount "52"]
[EventDate "2017.05.12"]
[EventType "swiss"]
[EventRounds "10"]
[EventCountry "SRI"]
[SourceTitle "CBM 178 Extra"]
[Source "ChessBase"]
[SourceDate "2017.06.22"]
[SourceVersion "1"]
[SourceVersionDate "2017.06.22"]
[SourceQuality "1"]

1. e4 c5 2. Nf3 d6 3. d4 cxd4 4. Nxd4 Nf6 5. Nc3 a6 6. Bg5 e6 7. f4 Nbd7 8. Qf3 Qc7 9. 0-0-0 Be7 10. g4 b5 11. Bxf6 Nxf6 12. g5 Nd7 13. f5 Nc5 14. f6 gxf6 15. gxf6 Bf8 16. Rg1 h5 17. Rg7 b4 18. Nd5 exd5 19. exd5 Nd7 20. Nc6 Bb7 21. Bh3 Bxc6 22. dxc6 Ne5 23. Bd7+ Kd8 24. Qe4 Qb6 25. Be6 Kc7 26. Bxf7 Nxc6 1/2-1/2